Ciudades más grandes del País Vasco (Euskadi) - Estadísticas

Estadísticas generales
  • Esta prueba ha sido intentada 197 veces
  • La puntuación promedio es 28 de 50
Estadísticas de respuestas
Población Ciudad Provincia % Correcto
346.096 Bilbo Bizkaia
100%
188.743 Donostia Gipuzkoa
100%
255.886 Vitoria-Gasteiz Araba
100%
205.762 Iruñea/Pamplona Nafarroa
97%
62.920 Irun Gipuzkoa
93%
101.229 Barakaldo Bizkaia
91%
76.104 Getxo Bizkaia
88%
27.234 Eibar Gipuzkoa
82%
52.749 Baiona/Bayonne Lapurdi
79%
44.629 Portugalete Bizkaia
78%
23.152 Zarautz Gipuzkoa
75%
29.767 Durango Bizkaia
73%
46.057 Santurtzi Bizkaia
70%
27.834 Sestao Bizkaia
67%
37.791 Tutera/Tudela Nafarroa
67%
40.413 Basauri Bizkaia
65%
20.065 Tolosa Gipuzkoa
64%
17.050 Gernika-Lumo Bizkaia
63%
39.231 Errenteria Gipuzkoa
62%
21.867 Arrasate/Mondragón Gipuzkoa
61%
25.764 Biarritz Lapurdi
61%
16.887 Hondarribia Gipuzkoa
61%
32.491 Leioa Bizkaia
57%
14.601 Donibane-Lohizune/Saint-Jean-de-Luz Lapurdi
56%
20.527 Hernani Gipuzkoa
55%
16.878 Bermeo Bizkaia
53%
17.796 Hendaia/Hendaye Lapurdi
52%
19.570 Amorebieta-Etxano Bizkaia
51%
14.195 Estella-Lizarra Nafarroa
51%
17.917 Laudio Araba
50%
24.762 Galdakao Bizkaia
49%
15.183 Azpeitia Gipuzkoa
47%
13.970 Beasain Gipuzkoa
46%
17.882 Mungia Bizkaia
44%
15.599 Ermua Bizkaia
42%
19.133 Lasarte-Oria Gipuzkoa
42%
15.857 Pasaia Gipuzkoa
41%
14.487 Bergara Gipuzkoa
39%
24.411 Erandio Bizkaia
39%
14.872 Sopela Bizkaia
39%
14.555 Andoain Gipuzkoa
38%
41.153 Angelu/Anglet Lapurdi
30%
11.954 Arrigorriaga Bizkaia
27%
11.975 Etxebarri Bizkaia
26%
19.575 Barañain Nafarroa
23%
20.865 Burlata/Burlada Nafarroa
23%
15.715 Zizur Nagusia/Zizur Mayor Nafarroa
22%
22.121 Eguesibar/Valle de Egüés Nafarroa
17%
11.911 Valle de Trápaga-Trapagaran Bizkaia
17%
12.517 Aranguren Nafarroa
13%
No se encontraron pruebas coincidentes
Distribución de puntuación
Porcentaje de gente con cada puntuación
Porcentaje por número respondido
Historial de tus puntuaciones
No has intentado esta prueba.